000 00441nam a2200193Ia 4500
005 20240823033910.0
008 240823s9999||||xx |||||||||||||| ||und||
020 _a81-262-0492-3
041 _aMALAYALAM
082 _A070.44 Q0
100 _aSreekala M S
245 0 _a1957-59 Varthakalkkappuram
250 _a1st
260 _c2010
_bChintha Publi
500 _aYES
650 _aGeneral
_bGeneral
942 _cBK
999 _c196926
_d196926